Mujer que sabe latín...

Según Elena Poniatowska, Rosario Castellanos "es el ejemplo más sólido de vocación literaria que se ha dado entre nosotros". Su voz es el punto de partida de la literatura femenina que hoy existe en México. Narrando su propia infancia con los ojos del presente, Castellanos escribe: "No soy esa figur...

Full description

Bibliographic Details
Main Author: Castellanos, Rosario 1925-1974
Format: Libro Literatura
Language:Spanish
Published: México: Fondo de Cultura Económica, 2017.
Edition:4a ed.
Series:Letras mexicanas
Subjects:
Online Access:

MARC

LEADER 00000cam a2200000 4500
003 UAHC
005 20181017205058.0
008 181008s2017 mx |||| |||| 00| 0 spa d
952 |0 0  |1 0  |2 ddc  |4 0  |6 809_892870000000000_CAS  |7 0  |8 COMP  |9 90738  |a BC  |b BC  |c General  |d 2018-10-09  |e Compra  |g 4200.00  |l 1  |o 809.89287 CAS  |p 1461329  |r 2026-01-13 00:00:00  |s 2019-03-22  |t c.1  |v 4200.00  |w 2018-10-09  |x OC:2132 / Factura: 11425  |y BKL 
999 |c 51265  |d 51265 
020 |a 9789681671167 
035 |a CENTRAL 
040 |a UAHC_CL  |c UAHC_CL  |d UAHC_CL 
082 |2 23  |a 809.89287  |b C348 
100 |9 5157  |a Castellanos, Rosario  |d 1925-1974 
245 |a Mujer que sabe latín...  |c Rosario Castellanos. 
250 |a 4a ed. 
260 |a México:  |b Fondo de Cultura Económica,  |c 2017. 
300 |a 167 p. 
440 |9 5190  |a Letras mexicanas 
520 |a Según Elena Poniatowska, Rosario Castellanos "es el ejemplo más sólido de vocación literaria que se ha dado entre nosotros". Su voz es el punto de partida de la literatura femenina que hoy existe en México. Narrando su propia infancia con los ojos del presente, Castellanos escribe: "No soy esa figura lamentable que vaga por los corredores desiertos y que no va a la escuela ni a paseos ni a ninguna parte. No. Soy casi una persona. Tengo derecho a existir, a comparecer ante los otros..." Así, Mujer que sabe latín...(1973) es, dentro de la obra de la autora, un punto de llegada: una recapitulación y un a visita a las escritoras que han hecho uso de su derecho a comparecer ante los otros: Virginia Woolf, Penélope Gilliat, santa Teresa, sor Juana, Susan Sontag y Violette Leduc, entre otras. Con los ojos de la ironía y con la pluma del ensayo, Rosario Castellanos rompe con una frase que ella misma escribió en 1950: "El mundo que para mi está cerrado tiene un nombre: se llama cultura. Sus habitantes son todos ellos del sexo masculino. 
526 |a Colección de Género y Sexualidades 
650 0 |9 5159  |a Literatura feminista 
650 0 |9 5191  |a Autoras  |v Biografías 
650 0 |9 3959  |a Mujeres en literatura 
942 |2 ddc  |c BKL